Pełne nazwy państw Oceanii - Statystyki

Ogólne statystyki
  • Ten quiz został rozwiązany 28 razy
  • Średni wynik to 7 z 14
Statystyki odpowiedzi
Skrót Pełna nazwa % Poprawnych
Fidżi Republika Fidżi
84%
Nauru Republika Nauru
80%
Palau Republika Palau
80%
Kiribati Republika Kiribati
72%
Vanuatu Republika Vanuatu
72%
Tonga Królestwo Tonga
52%
Wyspy Salomona Wyspy Salomona
52%
Australia Związek Australijski
52%
Wyspy Marshalla Republika Wysp Marshalla
48%
Nowa Zelandia Nowa Zelandia
44%
Tuvalu Tuvalu
44%
Mikronezja Sfederowane Stany Mikronezji
32%
Papua-Nowa Gwinea Niezależne Państwo Papui-Nowej Gwinei
16%
Samoa Niezależne Państwo Samoa
16%
Nie znaleziono quizów pasujących do podanych kryteriów
Rozkład punktacji
Procent ludzi z każdym wynikiem
Percentyl według liczby udzielonych odpowiedzi
Twoja historia wyników
Nie rozwiązałeś tego quizu